| 000 | 00345nam a2200145Ia 4500 | ||
|---|---|---|---|
| 005 | 20251222144704.0 | ||
| 008 | 251222s9999||||xx |||||||||||||| ||spa|| | ||
| 020 | _a9788496836525 | ||
| 082 | _a863.64/V23 | ||
| 100 | _aVallejo-Nágera, María | ||
| 245 | 0 | _aMala Tierra | |
| 250 | _a1ra.ed. | ||
| 264 | _bCuidadela Libros, S.L. | ||
| 942 | _cLIB | ||
| 999 |
_c17557 _d17557 |
||